| 000 | 00832nam a22002415a 4500 | ||
|---|---|---|---|
| 999 |
_c181256 _d181256 |
||
| 005 | 20210906170807.0 | ||
| 010 | _aB-357106 B-741442 | ||
| 020 |
_c60.00 _a9789384812485 |
||
| 035 | _aB-357106 | ||
| 035 | _aB-741442 | ||
| 037 | _bDBAD / PUB | ||
| 037 | _bGift | ||
| 082 | _aS | ||
| 100 | _aDeepa,J. | ||
| 245 |
_aMoral master pieces from jataka tales / _cby Deepa J. |
||
| 260 |
_aVijayawada _bSwathi Book House _c2017 |
||
| 270 |
_a28-22-20, Rahiman Street, Arundelpet, _bVijayawada _e520002 |
||
| 300 |
_a32p. _c26cm(pbk) _bcol. ill |
||
| 490 | _aPopular stories in easy English | ||
| 650 | _aChildren's stories, English | ||
| 942 |
_2ddc _cCH _hS _mDEE |
||